Một vài vấn đề về xã hội học và nhân loại học Một số bài dịch

Sách cung cấp những kiến thức về nhân loại học và xã hội học qua các văn bản của Emile Durkheim, Marcel Mauss, Claude Lévi-Strauss, Louis Dumont...Qua đó, giúp ta hiểu mình; bằng cách nhìn tư duy người khác, thuộc những xã hội khác nhau, thấy được t...

Descrición completa

Gardado en:
Detalles Bibliográficos
Autor Principal: Boris Loijkine
Formato: Libro
Idioma:Undetermined
Publicado: Hà Nội KHXH 1996
Những chủ đề:
Các nhãn: Engadir etiqueta
Sen Etiquetas, Sexa o primeiro en etiquetar este rexistro!
Thư viện lưu trữ: Trung tâm Học liệu Trường Đại học Cần Thơ
LEADER 01080nam a2200217Ia 4500
001 CTU_17610
008 210402s9999 xx 000 0 und d
082 |a 302 
082 |b L834 
100 |a Boris Loijkine 
245 0 |a Một vài vấn đề về xã hội học và nhân loại học 
245 0 |b Một số bài dịch 
245 0 |c Boris Loijkine, Benokt de Tréglodé; Dịch giả: Phan Ngọc 
260 |a Hà Nội 
260 |b KHXH 
260 |c 1996 
520 |a Sách cung cấp những kiến thức về nhân loại học và xã hội học qua các văn bản của Emile Durkheim, Marcel Mauss, Claude Lévi-Strauss, Louis Dumont...Qua đó, giúp ta hiểu mình; bằng cách nhìn tư duy người khác, thuộc những xã hội khác nhau, thấy được tư duy của chính mình 
526 |a Xã hội học đại cương 
526 |b XH028 
650 |a anthropology,social interaction,sociology 
980 |a Trung tâm Học liệu Trường Đại học Cần Thơ